000 005400000a22001810004500
003 MACL
005 20160424125833.0
008 160424b xxu||||| |||| 00| 0 eng d
040 _aMACL
_cMACL
041 _aHindi
082 _a800
100 _aगिरीश रस्‍तोगी
_951094
245 _aभारतेंदु रचना संचयन
260 _aदिल्‍ली
_bसाहित्‍य अकादेमी
_c2010
350 _a400
650 _aLiteracture
_953823
942 _cHIN
_k800/BHA
_2ddc
999 _c48933
_d48933